000 00341nam a2200133Ia 4500
005 20251222154436.0
008 251222s9999||||xx |||||||||||||| ||spa||
020 _a978-0-495-50625-6
082 _a155.2/S29
100 _a"Schultz, Duane P.Schultz, Sydney Ellen"
245 0 _aTeorĂ­as de la personalidad
250 _a9a.ed.
942 _cLIB
999 _c36619
_d36619